[Event "XII Weekend A"]
[Site "Nichelino ITA"]
[Date "2011.10.08"]
[Round "3"]
[White "Raccanello, Ivano"]
[Black "Bisi, Samuele"]
[Result "0-1"]
[WhiteElo "1799"]
[BlackElo "1998"]
[PlyCount "74"]
[EventDate "2011.10.06"]

1. d4 Nf6 2. c4 e6 3. Nc3 Bb4 4. e3 c5 5. a3 Bxc3+ 6. bxc3 d6 7. Bd3 Nc6 8. Ne2
b6 9. e4 e5 10. d5 Na5 11. O-O Nd7 12. Ng3 g6 13. f4 Ba6 14. f5 Bxc4 15. Bxc4
Nxc4 16. Qg4 h5 17. Qf3 Qe7 18. h4 Qxh4 19. fxg6 fxg6 20. Qf7+ Kd8 21. Qxg6 Kc7
22. Rf7 Rhg8 23. Qe6 Rgd8 24. Qg6 Qg4 25. Bg5 Rg8 26. Qf5 Qxf5 27. Rxf5 Ne3 28.
Bxe3 Rxg3 29. Kf2 Rag8 30. Rg1 h4 31. Rh5 R3g4 32. Kf3 Nf6 33. Rf5 Rg3+ 34. Ke2
Nxe4 35. Kd3 Nxc3 36. Kxc3 Rxe3+ 37. Kd2 Rxa3 0-1

[Event "XII Weekend A"]
[Site "Nichelino ITA"]
[Date "2011.10.08"]
[Round "3"]
[White "Ravazzolo, Gaia"]
[Black "Cirrincione Paze', Paolo"]
[Result "1/2-1/2"]
[WhiteElo "1732"]
[BlackElo "1826"]
[PlyCount "60"]
[EventDate "2011.10.06"]

1. d4 f5 2. c4 e6 3. Nc3 Nf6 4. Nf3 Be7 5. g3 d5 6. Bg5 Nbd7 7. cxd5 exd5 8.
Bg2 c6 9. e3 O-O 10. Qc2 Ne4 11. Bxe7 Qxe7 12. O-O-O Ndf6 13. Ne5 Qb4 14. f3
Nd6 15. h3 Nd7 16. Nd3 Qa5 17. g4 Nb6 18. g5 Nbc4 19. Rde1 Nb5 20. Nxb5 Qxb5
21. Nf4 Bd7 22. Bf1 Qb4 23. Bd3 Nxe3 24. Rxe3 Qxd4 25. Ng2 Rae8 26. Rhe1 Rxe3
27. Rxe3 f4 28. Bxh7+ Kh8 29. Re1 Bxh3 30. Nh4 Rd8 1/2-1/2

[Event "XII Weekend A"]
[Site "Nichelino ITA"]
[Date "2011.10.08"]
[Round "3"]
[White "Revello, Beatrice"]
[Black "Combina, Gabriele"]
[Result "1/2-1/2"]
[WhiteElo "1655"]
[BlackElo "1756"]
[PlyCount "38"]
[EventDate "2011.10.06"]

1. d4 f5 2. e3 Nf6 3. c4 e6 4. Nf3 Bb4+ 5. Bd2 Bxd2+ 6. Nbxd2 d6 7. Be2 b6 8.
Qa4+ Qd7 9. Qxd7+ Nbxd7 10. Ng5 Ke7 11. Bf3 Rb8 12. Bc6 Bb7 13. Bxb7 Rxb7 14.
Ngf3 c5 15. b3 b5 16. dxc5 Nxc5 17. cxb5 Rxb5 18. Nd4 Rb7 19. Nc4 Kd7 1/2-1/2

[Event "XII Weekend A"]
[Site "Nichelino ITA"]
[Date "2011.10.08"]
[Round "3"]
[White "Topczewski, Damian"]
[Black "Bisi, Riccardo"]
[Result "1-0"]
[WhiteElo "2189"]
[BlackElo "1704"]
[PlyCount "61"]
[EventDate "2011.10.06"]

1. e4 e5 2. Nc3 Bc5 3. Bc4 Nf6 4. d3 h6 5. Nf3 d6 6. Na4 Bb6 7. Nxb6 axb6 8. h3
Nc6 9. a3 Be6 10. Bxe6 fxe6 11. g4 Nh7 12. h4 Qf6 13. g5 hxg5 14. hxg5 Qf7 15.
Be3 g6 16. Qe2 Rf8 17. Rh3 Rg8 18. O-O-O O-O-O 19. Rdh1 Nf8 20. Kb1 Nd7 21. Rh7
Rg7 22. R7h6 Rf8 23. R1h3 Ne7 24. d4 exd4 25. Nxd4 Nc5 26. Qg4 Nc6 27. Rf3 Qg8
28. Rxf8+ Qxf8 29. Nxe6 Nxe6 30. Qxe6+ Kb8 31. Rxg6 1-0

[Event "XII Weekend A"]
[Site "Nichelino ITA"]
[Date "2011.10.08"]
[Round "4"]
[White "Angelini, Marco"]
[Black "Bonino, Matteo"]
[Result "1-0"]
[WhiteElo "2200"]
[BlackElo "1851"]
[PlyCount "35"]
[EventDate "2011.10.06"]

1. e4 e6 2. d4 d5 3. Nc3 Bb4 4. exd5 exd5 5. Bd3 Nf6 6. Bg5 Be6 7. Qf3 Be7 8.
h3 c6 9. Nge2 Qb6 10. O-O-O Na6 11. Rhe1 Nc7 12. Nf4 Kd7 13. Nxe6 fxe6 14. Bf4
Rae8 15. g4 g6 16. a3 a5 17. Qe3 Bd8 18. Na4 1-0

[Event "XII Weekend A"]
[Site "Nichelino ITA"]
[Date "2011.10.08"]
[Round "4"]
[White "Benenati, Gianfranco"]
[Black "De Renzi, Giuseppe"]
[Result "1-0"]
[WhiteElo "1800"]
[BlackElo "1529"]
[PlyCount "85"]
[EventDate "2011.10.06"]

1. e4 d6 2. d4 Nf6 3. Nc3 g6 4. f4 Bg7 5. Nf3 c5 6. d5 O-O 7. Be2 a6 8. h3 b5
9. a3 Qa5 10. Bd2 Qb6 11. Be3 Qa5 12. O-O Nh5 13. e5 Ng3 14. Re1 Nxe2+ 15. Qxe2
Bb7 16. Qd2 Nd7 17. Bf2 Qc7 18. Bg3 Nb6 19. b3 b4 20. axb4 cxb4 21. Ne4 Nxd5
22. Rad1 dxe5 23. fxe5 e6 24. Nd6 a5 25. Ng5 h6 26. Nge4 Ba6 27. Kh2 Rad8 28.
Qf2 Qc6 29. Ra1 Qc7 30. Nc5 Ra8 31. Nce4 Bc8 32. Qd2 Bd7 33. Rf1 a4 34. bxa4
Bxa4 35. Rf2 b3 36. cxb3 Bxb3 37. Rxa8 Rxa8 38. Rxf7 Ne7 39. Qf2 Kh8 40. Nf6
Ra2 41. Qf3 Qc6 42. Rxe7 Qxf3 43. Nf7# 1-0

[Event "XII Weekend A"]
[Site "Nichelino ITA"]
[Date "2011.10.08"]
[Round "4"]
[White "Berutti, Mario"]
[Black "Lombardi, Mariano"]
[Result "0-1"]
[WhiteElo "1786"]
[BlackElo "2061"]
[PlyCount "80"]
[EventDate "2011.10.06"]

1. e4 Nf6 2. e5 Nd5 3. d4 d6 4. f4 Nb6 5. Nf3 g6 6. c3 Bg7 7. Bd3 O-O 8. O-O c5
9. Qe1 dxe5 10. fxe5 cxd4 11. cxd4 Nc6 12. Qh4 Nxe5 13. Nxe5 Bxe5 14. dxe5 Qxd3
15. Qxe7 Bf5 16. Bh6 Rfe8 17. Qf6 Qe3+ 18. Kh1 Qxe5 19. Rxf5 gxf5 20. Qg5+ Kh8
21. Nd2 Qe1+ 22. Nf1 Qe5 23. Ng3 Rg8 24. Qh4 Rg6 25. Rf1 Re8 26. Nxf5 Qe4 27.
Qh3 Qg4 28. Qc3+ Kg8 29. Qd2 Nc4 30. Ne7+ Kh8 31. Nxg6+ Qxg6 32. Qc3+ Ne5 33.
Be3 Kg8 34. Bd4 Nc6 35. Rf3 Qb1+ 36. Bg1 Re1 37. Rg3+ Kf8 38. Qc5+ Ke8 39. Rg8+
Kd7 40. Qf5+ Qxf5 0-1

[Event "XII Weekend A"]
[Site "Nichelino ITA"]
[Date "2011.10.08"]
[Round "4"]
[White "Bisi, Samuele"]
[Black "Bisi, Riccardo"]
[Result "1-0"]
[WhiteElo "1998"]
[BlackElo "1704"]
[PlyCount "105"]
[EventDate "2011.10.06"]

1. d4 d5 2. c4 e6 3. Nf3 Nf6 4. g3 Be7 5. Bg2 O-O 6. O-O dxc4 7. Qc2 Nc6 8.
Qxc4 Qd5 9. Qa4 Bd7 10. Nc3 Qa5 11. Qxa5 Nxa5 12. Ne5 Bc6 13. Nxc6 Nxc6 14.
Bxc6 bxc6 15. Bg5 Rfd8 16. e3 Rab8 17. b3 h6 18. Bxf6 Bxf6 19. Ne4 Be7 20. Rac1
Rb6 21. Rc4 f5 22. Nc5 Bxc5 23. Rxc5 Rd6 24. Ra5 a6 25. Rc1 Rd5 26. Rac5 Rxc5
27. Rxc5 Kf7 28. Kg2 Ke7 29. Kf3 Kd6 30. h4 Rb5 31. Kf4 Rxc5 32. dxc5+ Kd5 33.
h5 a5 34. a3 Kxc5 35. Ke5 a4 36. bxa4 Kb6 37. Kxe6 c5 38. Kd5 c6+ 39. Kc4 Ka5
40. g4 fxg4 41. e4 Kb6 42. e5 Kc7 43. Kxc5 Kd8 44. a5 g3 45. fxg3 Kc7 46. a6
Kc8 47. e6 g5 48. a7 Kb7 49. e7 g4 50. e8=Q Kxa7 51. Qxc6 Kb8 52. Qd7 Ka8 53.
Kb6 1-0

[Event "XII Weekend A"]
[Site "Nichelino ITA"]
[Date "2011.10.08"]
[Round "4"]
[White "Cacinschi, Alexandru"]
[Black "Faraoni, Enrico"]
[Result "0-1"]
[WhiteElo "1989"]
[BlackElo "2104"]
[PlyCount "90"]
[EventDate "2011.10.06"]

1. Nf3 f5 2. c4 Nf6 3. Nc3 d6 4. g3 e5 5. d3 Be7 6. Bg2 O-O 7. O-O c6 8. b4 a6
9. Rb1 Qe8 10. a4 Qh5 11. d4 e4 12. Nd2 Be6 13. e3 Qh6 14. Qe2 Nbd7 15. f3 d5
16. c5 g5 17. b5 axb5 18. axb5 f4 19. exf4 gxf4 20. Ndxe4 dxe4 21. Bxf4 Qg6 22.
bxc6 bxc6 23. fxe4 Ra3 24. Qb2 Rxc3 25. Qxc3 Nxe4 26. Qe1 Bd5 27. Rb7 Qe6 28.
Bxe4 Bf6 29. Bxh7+ Kxh7 30. Qxe6 Bxe6 31. Be5 Kg6 32. Bxf6 Nxf6 33. Rb2 Ra8 34.
Re1 Bd5 35. h4 Ne4 36. Kh2 Rf8 37. Rbe2 Nf6 38. Rb1 Ne4 39. Reb2 Rf3 40. Rd1
Kh5 41. Rb7 Rf2+ 42. Kg1 Kg4 43. Rf1 Rd2 44. Rbb1 Kh3 45. Rfc1 Nxg3 0-1

[Event "XII Weekend A"]
[Site "Nichelino ITA"]
[Date "2011.10.08"]
[Round "4"]
[White "Calzolari, Marco"]
[Black "Manunta, Andrea"]
[Result "1/2-1/2"]
[WhiteElo "1711"]
[BlackElo "1770"]
[PlyCount "83"]
[EventDate "2011.10.06"]

1. d4 e6 2. c4 Nf6 3. Nc3 Bb4 4. Bg5 c5 5. a3 Bxc3+ 6. bxc3 h6 7. Bxf6 Qxf6 8.
e3 O-O 9. Bd3 Nc6 10. Nf3 b6 11. Qc2 Ba6 12. Qa4 Bb7 13. O-O Qe7 14. d5 Na5 15.
e4 e5 16. Rfe1 d6 17. Nd2 Qg5 18. Re3 Bc8 19. Nb3 Nxb3 20. Qxb3 f5 21. exf5
Bxf5 22. Qc2 Bxd3 23. Qxd3 Rf4 24. g3 Rf7 25. Rf3 Rxf3 26. Qxf3 Re8 27. Qe3 Qg4
28. f4 Qg6 29. Re1 Kf8 30. Qe4 Qxe4 31. Rxe4 exf4 32. Rxe8+ Kxe8 33. gxf4 Kf7
34. Kg2 Kf6 35. Kg3 Kf5 36. Kf3 g6 37. h3 a6 38. a4 h5 39. Ke3 g5 40. fxg5 Kxg5
41. Kf3 Kf5 42. Ke3 1/2-1/2

[Event "XII Weekend A"]
[Site "Nichelino ITA"]
[Date "2011.10.08"]
[Round "4"]
[White "Cirrincione Paze', Paolo"]
[Black "Macario, Marco"]
[Result "1/2-1/2"]
[WhiteElo "1826"]
[BlackElo "1829"]
[PlyCount "57"]
[EventDate "2011.10.06"]

1. d4 c5 2. c3 Nf6 3. Bf4 e6 4. Nf3 Nc6 5. h3 d5 6. e3 cxd4 7. exd4 Bd6 8. Bxd6
Qxd6 9. Bd3 O-O 10. O-O Re8 11. Re1 e5 12. dxe5 Nxe5 13. Nxe5 Rxe5 14. Rxe5
Qxe5 15. Nd2 Bd7 16. Nf3 Qd6 17. Qb3 a6 18. Qxb7 Rb8 19. Qxa6 Qxa6 20. Bxa6
Rxb2 21. c4 Rb6 22. Bb5 Bxb5 23. Rb1 dxc4 24. Nd4 c3 25. a4 Kf8 26. Rxb5 Rxb5
27. axb5 Nd5 28. Kf1 Ke8 29. g3 1/2-1/2

[Event "XII Weekend A"]
[Site "Nichelino ITA"]
[Date "2011.10.08"]
[Round "4"]
[White "Combina, Gabriele"]
[Black "Biancotti, Alessandro"]
[Result "1-0"]
[WhiteElo "1756"]
[BlackElo "1906"]
[PlyCount "99"]
[EventDate "2011.10.06"]

1. d4 Nf6 2. Nf3 g6 3. Nc3 d5 4. Bf4 Bg7 5. e3 O-O 6. Be2 a6 7. Qd2 Nbd7 8. a3
Re8 9. Ne5 c6 10. h4 h5 11. f3 Nxe5 12. Bxe5 Nd7 13. Bxg7 Kxg7 14. g4 Nf6 15.
g5 Nh7 16. f4 Bf5 17. Bd3 Qd7 18. Na4 Rab8 19. Nc5 Qc8 20. Bxf5 Qxf5 21. Qd3
Qxd3 22. Nxd3 Nf8 23. Ke2 Nd7 24. Rac1 Rec8 25. c4 dxc4 26. Rxc4 Nb6 27. Rc2
Nd7 28. Rhc1 e6 29. Nc5 Nxc5 30. dxc5 Re8 31. Rd1 Rbd8 32. Rxd8 Rxd8 33. Rd2
Rxd2+ 34. Kxd2 f6 35. Kd3 Kf7 36. Ke4 Ke7 37. gxf6+ Kxf6 38. b4 Kf7 39. Ke5 Ke7
40. e4 Kf7 41. f5 exf5 42. exf5 gxf5 43. Kxf5 Ke7 44. Kg5 Ke6 45. Kxh5 Kf5 46.
a4 Kf6 47. Kg4 Kg6 48. Kf4 a5 49. bxa5 Kh5 50. Ke5 1-0

[Event "XII Weekend A"]
[Site "Nichelino ITA"]
[Date "2011.10.08"]
[Round "4"]
[White "Crepaldi, Manuele"]
[Black "Revello, Beatrice"]
[Result "1-0"]
[WhiteElo "1842"]
[BlackElo "1655"]
[PlyCount "79"]
[EventDate "2011.10.06"]

1. e4 e5 2. f4 Nc6 3. Nf3 d6 4. Bc4 h6 5. O-O Nf6 6. Nc3 Be7 7. h3 O-O 8. d4
exd4 9. Nxd4 Nxd4 10. Qxd4 Nd7 11. Nd5 Bf6 12. Nxf6+ Qxf6 13. Qxf6 Nxf6 14. e5
dxe5 15. fxe5 Ne4 16. Bf4 Nc5 17. Be3 Be6 18. Be2 Nd7 19. Bf4 c6 20. a4 f6 21.
exf6 Nxf6 22. a5 Nd5 23. Bd6 Rxf1+ 24. Kxf1 Ne3+ 25. Kf2 Nxc2 26. Rc1 Nd4 27.
Bf1 Nb3 28. Re1 Re8 29. Bc4 Kf7 30. Rxe6 Rxe6 31. Bxb3 Kf6 32. Bxe6 Kxe6 33.
Bc5 a6 34. b4 g6 35. g4 h5 36. Kf3 hxg4+ 37. Kxg4 Kf7 38. Kg5 Kg7 39. h4 Kf7
40. Bd4 1-0

[Event "XII Weekend A"]
[Site "Nichelino ITA"]
[Date "2011.10.08"]
[Round "4"]
[White "Davter, Mauro"]
[Black "Ravazzolo, Gaia"]
[Result "0-1"]
[WhiteElo "1744"]
[BlackElo "1732"]
[PlyCount "66"]
[EventDate "2011.10.06"]

1. Nf3 d5 2. d4 c6 3. g3 Nf6 4. Bg2 e6 5. O-O Bd6 6. Nbd2 Nbd7 7. c4 O-O 8.
cxd5 exd5 9. Re1 Re8 10. Qc2 Nb6 11. e4 dxe4 12. Nxe4 Bf5 13. Nxf6+ Qxf6 14.
Qd1 h6 15. Bd2 Bg4 16. Bc3 Rxe1+ 17. Bxe1 Re8 18. Bc3 Nd5 19. Qd3 Bf5 20. Qd2
Kf8 21. Re1 Rxe1+ 22. Qxe1 Qe6 23. Qxe6 Bxe6 24. a3 Nxc3 25. bxc3 Bxa3 26. Bf1
Bd5 27. Ne5 f6 28. Nd3 Bc4 29. f4 Bxd3 30. Bxd3 Bb2 31. c4 Bxd4+ 32. Kf1 Ke7
33. f5 Kd6 0-1

[Event "XII Weekend A"]
[Site "Nichelino ITA"]
[Date "2011.10.08"]
[Round "4"]
[White "Drago, Paolo"]
[Black "Raccanello, Ivano"]
[Result "1/2-1/2"]
[WhiteElo "1735"]
[BlackElo "1799"]
[PlyCount "46"]
[EventDate "2011.10.06"]

1. d4 f5 2. e4 fxe4 3. c4 Nf6 4. Nc3 g6 5. Qc2 Bg7 6. Nxe4 O-O 7. Nf3 d6 8. Bd3
Nc6 9. Qc3 Bg4 10. Be3 Bxf3 11. gxf3 Nh5 12. Ng5 Qd7 13. Rg1 e5 14. dxe5 Nxe5
15. Qc2 Nxd3+ 16. Qxd3 Rae8 17. O-O-O Qf5 18. Qb3 Nf4 19. Rd2 Kh8 20. Rg4 Ne6
21. Rd5 Qf6 22. Rg3 Nf4 23. Rd2 b6 1/2-1/2

[Event "XII Weekend A"]
[Site "Nichelino ITA"]
[Date "2011.10.08"]
[Round "4"]
[White "Finocchiaro, Gianluca"]
[Black "Anton, Marian"]
[Result "1-0"]
[WhiteElo "2108"]
[BlackElo "1488"]
[PlyCount "28"]
[EventDate "2011.10.06"]

1. d4 e6 2. e4 d6 3. Nc3 g6 4. f4 f6 5. Nf3 Nd7 6. Bc4 Nb6 7. Bb3 Ne7 8. O-O
Bg7 9. d5 e5 10. a4 O-O 11. a5 Nd7 12. Qe1 b6 13. axb6 Nxb6 14. fxe5 14... fxe5
{...} 1-0

[Event "XII Weekend A"]
[Site "Nichelino ITA"]
[Date "2011.10.08"]
[Round "4"]
[White "Guerra, Mirko"]
[Black "D'Agostino, Maurizio"]
[Result "1/2-1/2"]
[WhiteElo "1784"]
[BlackElo "2052"]
[PlyCount "83"]
[EventDate "2011.10.06"]

1. Nf3 c5 2. g3 Nc6 3. Bg2 g6 4. O-O Bg7 5. d3 d6 6. Nbd2 Nf6 7. Re1 O-O 8. e4
e5 9. a4 h6 10. c3 Be6 11. Nf1 a6 12. Qe2 Qd7 13. Be3 Ng4 14. Qd2 b5 15. axb5
axb5 16. b4 Nxe3 17. Nxe3 cxb4 18. cxb4 Qb7 19. Qb2 Rxa1 20. Rxa1 Ra8 21. Nc2
Rxa1+ 22. Qxa1 d5 23. exd5 Bxd5 24. Nfe1 Bxg2 25. Nxg2 e4 26. Qa3 exd3 27. Qxd3
Ne5 28. Qe2 Nf3+ 29. Kh1 Qc6 30. Nce1 Nxe1 31. Qxe1 Bc3 32. Qb1 Qc4 33. Ne3 Qd4
34. Kg1 Bd2 35. Nc2 Qc3 36. h4 g5 37. Qd1 Kg7 38. hxg5 Bxg5 39. Qd4+ Bf6 40.
Qxc3 Bxc3 41. Na3 Bxb4 42. Nxb5 1/2-1/2

[Event "XII Weekend A"]
[Site "Nichelino ITA"]
[Date "2011.10.08"]
[Round "4"]
[White "Marguati, Massimiano"]
[Black "Di Chiara, Mauro"]
[Result "1-0"]
[WhiteElo "1947"]
[BlackElo "1966"]
[PlyCount "81"]
[EventDate "2011.10.06"]

1. b3 e5 2. Bb2 Nc6 3. e3 Nf6 4. Bb5 d6 5. Ne2 Bd7 6. O-O g6 7. f4 Qe7 8. fxe5
Nxe5 9. Bxd7+ Nexd7 10. Na3 Bg7 11. Nb5 Ne5 12. Nf4 c6 13. Nd4 O-O 14. Nf3 Nfg4
15. Rb1 Nxf3+ 16. Qxf3 Bxb2 17. Rxb2 Qe5 18. c3 f5 19. h3 Nf6 20. d4 Qe4 21.
Qg3 Rfe8 22. Re2 Kg7 23. c4 d5 24. Qe1 a5 25. Qd2 b6 26. Nd3 Nh5 27. Rf3 a4 28.
Ne5 axb3 29. axb3 Ra1+ 30. Re1 Rxe1+ 31. Qxe1 c5 32. Qa1 Re7 33. Nc6 Re6 34.
dxc5+ Kh6 35. Nd8 Re7 36. cxb6 dxc4 37. b7 Rxb7 38. Nxb7 Qxb7 39. bxc4 Qc6 40.
Qd4 Qb7 41. c5 1-0

[Event "XII Weekend A"]
[Site "Nichelino ITA"]
[Date "2011.10.08"]
[Round "4"]
[White "Moncelli, Giorgio"]
[Black "Barcellona, Antonino"]
[Result "0-1"]
[WhiteElo "2081"]
[BlackElo "1839"]
[PlyCount "64"]
[EventDate "2011.10.06"]

1. d4 d5 2. Nf3 Nf6 3. Bf4 g6 4. e3 Bg7 5. h3 O-O 6. Bd3 Nbd7 7. O-O Re8 8. c4
c6 9. Nc3 dxc4 10. Bxc4 Nh5 11. Bxf7+ Kxf7 12. Ng5+ Kg8 13. Qb3+ e6 14. Nxe6
Rxe6 15. Qxe6+ Kh8 16. Bh2 Ne5 17. Qb3 Nf3+ 18. gxf3 Bxh3 19. Ne4 Qf8 20. Ng5
Bxf1 21. Kxf1 h6 22. Nf7+ Kh7 23. Ke2 Re8 24. Ne5 Qe7 25. Rg1 Bxe5 26. Bxe5 c5
27. Qc2 Qe6 28. dxc5 Qa6+ 29. Ke1 Rxe5 30. f4 Nxf4 31. Kd1 Rd5+ 32. Kc1 Ne2+
0-1

[Event "XII Weekend A"]
[Site "Nichelino ITA"]
[Date "2011.10.08"]
[Round "4"]
[White "Topczewski, Damian"]
[Black "Davi, Alessandro"]
[Result "1/2-1/2"]
[WhiteElo "2189"]
[BlackElo "2057"]
[PlyCount "106"]
[EventDate "2011.10.06"]

1. e4 c6 2. d4 d5 3. f3 Qb6 4. c3 e5 5. Qb3 Qxb3 6. axb3 exd4 7. cxd4 Be6 8.
Nc3 dxe4 9. fxe4 Bxb3 10. Bf4 Nd7 11. Nf3 Ngf6 12. Nd2 Be6 13. d5 Bg4 14. h3
Bh5 15. g4 g5 16. Bxg5 Bg6 17. Bg2 Bg7 18. O-O O-O 19. dxc6 bxc6 20. e5 Nd5 21.
Nxd5 cxd5 22. Bxd5 Bxe5 23. Bxa8 Rxa8 24. Nc4 Bg7 25. Rfd1 Ne5 26. Nxe5 Bxe5
27. Bh6 Bxb2 28. Rxa7 Re8 29. Rad7 f5 30. Rd8 fxg4 31. hxg4 Rxd8 32. Rxd8+ Kf7
33. Kf2 Ba3 34. Kf3 Ke6 35. Ra8 Bb2 36. Ra5 Bc3 37. Rb5 Kf7 38. Bf4 Ke6 39. Bc1
Bd4 40. Kf4 Bc3 41. Kg5 Bf6+ 42. Kh6 Be7 43. Bb2 Bf8+ 44. Bg7 Ba3 45. Rb6+ Kf7
46. Rf6+ Kg8 47. Rf1 Bb4 48. g5 Be7 49. Ra1 Bc5 50. Rc1 Ba3 51. Rc8+ Kf7 52.
Rh8 Be7 53. Ra8 Bc5 1/2-1/2

[Event "XII Weekend A"]
[Site "Nichelino ITA"]
[Date "2011.10.08"]
[Round "4"]
[White "Yao, Stefano"]
[Black "Martin, Tiziano"]
[Result "0-1"]
[WhiteElo "1635"]
[BlackElo "1948"]
[PlyCount "108"]
[EventDate "2011.10.06"]

1. d4 d6 2. c4 e5 3. Nf3 Nd7 4. Nc3 Ngf6 5. e4 Be7 6. Be2 O-O 7. O-O Re8 8. d5
Nc5 9. Nd2 a5 10. f4 exf4 11. Qc2 Nfd7 12. Rxf4 Bf6 13. Nb3 Be5 14. Rf3 Nxb3
15. axb3 Nc5 16. h3 Bd7 17. Be3 b6 18. Raf1 f6 19. Bd3 Re7 20. Bf4 Qe8 21. Bxe5
Rxe5 22. Kh1 Qe7 23. Qd1 Re8 24. Bc2 Rf8 25. Rf4 Rg5 26. Qf3 Re8 27. h4 Re5 28.
g4 h6 29. Kg2 Qf7 30. h5 Rg5 31. Kh3 Qe7 32. Kg2 Qf7 33. Kh2 Ree5 34. Rg1 Qe8
35. Ne2 f5 36. gxf5 Qxh5+ 37. Qxh5 Rxh5+ 38. Kg2 Rg5+ 39. Kf3 Rxg1 40. Nxg1 Be8
41. Ke3 g5 42. fxg6 Bxg6 43. Rh4 Rh5 44. Nf3 Rxh4 45. Nxh4 Bh7 46. Nf3 Kg7 47.
Kf4 Bg6 48. Nd2 Nd7 49. Bd1 Ne5 50. Be2 Kf6 51. Nf3 Bh5 52. Nxe5 dxe5+ 53. Ke3
Bxe2 54. Kxe2 Kg5 0-1

[Event "XII Weekend A"]
[Site "Nichelino ITA"]
[Date "2011.10.08"]
[Round "5"]
[White "Anton, Marian"]
[Black "Guarneri, Giuseppe"]
[Result "1-0"]
[WhiteElo "1488"]
[BlackElo "1853"]
[PlyCount "51"]
[EventDate "2011.10.06"]

1. e4 c5 2. f4 Nc6 3. Nf3 g6 4. Bc4 Bg7 5. c3 e6 6. d3 d5 7. Bb5 Nge7 8. Be3 b6
9. d4 dxe4 10. Ne5 Bxe5 11. fxe5 Bb7 12. Bg5 O-O 13. Bxc6 Bxc6 14. Qd2 Qd7 15.
O-O f5 16. exf6 Nf5 17. g4 e3 18. Bxe3 Nh4 19. Bh6 Qd5 20. Rf4 e5 21. dxe5 Qxd2
22. Nxd2 Rfd8 23. f7+ Kh8 24. f8=Q+ Rxf8 25. Bxf8 Kg8 26. Bh6 1-0

[Event "XII Weekend A"]
[Site "Nichelino ITA"]
[Date "2011.10.08"]
[Round "5"]
[White "Barcellona, Antonino"]
[Black "Davi, Alessandro"]
[Result "0-1"]
[WhiteElo "1839"]
[BlackElo "2057"]
[PlyCount "72"]
[EventDate "2011.10.06"]

1. e4 c6 2. d4 d5 3. Nc3 dxe4 4. Nxe4 Nf6 5. Qd3 Nbd7 6. Bd2 Nxe4 7. Qxe4 Nf6
8. Qh4 Bf5 9. O-O-O e6 10. f3 Be7 11. Qf2 Qb6 12. Ne2 Nd5 13. g4 Bg6 14. Nf4
Bf6 15. Nxd5 cxd5 16. Be3 Rc8 17. Bd3 Rc6 18. Bxg6 hxg6 19. Rd3 Be7 20. Rb3 Qc7
21. h4 a5 22. a4 Rc4 23. Qe2 Rxh4 24. Rxh4 Bxh4 25. g5 Bg3 26. Rc3 Rxc3 27.
bxc3 Qc4 28. Qxc4 dxc4 29. f4 Kd7 30. Kd2 Kd6 31. Ke2 Kd5 32. Kf3 Be1 33. Ke2
Bxc3 34. Bd2 Bxd2 35. Kxd2 Kxd4 36. c3+ Ke4 0-1

[Event "XII Weekend A"]
[Site "Nichelino ITA"]
[Date "2011.10.08"]
[Round "5"]
[White "Biancotti, Alessandro"]
[Black "Drago, Paolo"]
[Result "0-1"]
[WhiteElo "1906"]
[BlackElo "1735"]
[PlyCount "72"]
[EventDate "2011.10.06"]

1. e4 e6 2. d4 d5 3. Nd2 Nf6 4. e5 Nfd7 5. Bd3 c5 6. c3 Nc6 7. Ne2 Qb6 8. Nf3
Be7 9. O-O O-O 10. Bb1 f5 11. exf6 Nxf6 12. Qc2 cxd4 13. Bg5 Ne4 14. Bxe7 Nxe7
15. cxd4 Nc6 16. a3 Bd7 17. Ng3 Nf6 18. Qd3 Ne7 19. Re1 Ng6 20. Ng5 Nf4 21. Qd2
Qd6 22. Re5 Ng4 23. Bxh7+ Kh8 24. Ree1 Qe7 25. h4 Nxg2 26. Qe2 Nxe1 27. Qxg4
Nf3+ 28. Nxf3 Rxf3 29. Qxf3 Kxh7 30. Kg2 Rf8 31. Qd3+ Kg8 32. Rh1 Qf6 33. Qe3
Bc6 34. Re1 e5 35. Qxe5 Qxf2+ 36. Kh3 Bd7+ 0-1

[Event "XII Weekend A"]
[Site "Nichelino ITA"]
[Date "2011.10.08"]
[Round "5"]
[White "Bisi, Riccardo"]
[Black "Moncelli, Giorgio"]
[Result "0-1"]
[WhiteElo "1704"]
[BlackElo "2081"]
[PlyCount "108"]
[EventDate "2011.10.06"]

1. e4 d5 2. exd5 Qxd5 3. Nc3 Qa5 4. d4 Nf6 5. Nf3 c6 6. Bg5 Ne4 7. Bd2 Nxd2 8.
Qxd2 Bf5 9. Bc4 e6 10. O-O Bb4 11. Bb3 Nd7 12. Rfe1 O-O 13. Nh4 Nf6 14. Nxf5
Qxf5 15. Re5 Qg6 16. Rae1 Rad8 17. R1e3 Qh6 18. Qd1 Bd6 19. Rh3 Qxh3 20. gxh3
Bxe5 21. Ne2 Bxd4 22. Nxd4 e5 23. Qe2 exd4 24. Qe7 Rd7 25. Qe2 Re8 26. Qd2 c5
27. Ba4 Red8 28. Bxd7 Rxd7 29. Qf4 h6 30. Qb8+ Kh7 31. Qxa7 c4 32. Qa5 d3 33.
cxd3 cxd3 34. Qd2 Ne4 35. Qd1 d2 36. f3 Rc7 37. Kf1 Rc1 38. Ke2 Rxd1 39. Kxd1
Ng5 40. Kxd2 Nxf3+ 41. Ke3 Ne5 42. Ke4 Nc6 43. Kf5 Kg8 44. a3 Kf8 45. b4 Ke7
46. Ke4 Ke6 47. b5 f5+ 48. Kf4 g5+ 49. Ke3 Ne5 50. a4 b6 51. Kd4 f4 52. Ke4 f3
53. Ke3 Kd5 54. a5 bxa5 0-1

[Event "XII Weekend A"]
[Site "Nichelino ITA"]
[Date "2011.10.08"]
[Round "5"]
[White "Bonino, Matteo"]
[Black "Berutti, Mario"]
[Result "1-0"]
[WhiteElo "1851"]
[BlackElo "1786"]
[PlyCount "63"]
[EventDate "2011.10.06"]

1. d4 d5 2. Bf4 f5 3. e3 Nf6 4. Nf3 e6 5. c4 c6 6. Bd3 Bd6 7. Bxd6 Qxd6 8. Ne5
O-O 9. Nd2 Bd7 10. h3 Be8 11. g4 Ne4 12. f3 Qe7 13. Nxe4 fxe4 14. Be2 exf3 15.
Bxf3 Nd7 16. Nxd7 Bxd7 17. O-O h5 18. Qe2 Qh4 19. Kg2 Rae8 20. e4 e5 21. cxd5
exd4 22. e5 cxd5 23. Bxd5+ Be6 24. Rxf8+ Kxf8 25. Rf1+ Kg8 26. Qc4 Qe7 27. Qxd4
Kh8 28. Bxe6 Qxe6 29. Rf5 Qc6+ 30. Kg3 g6 31. e6+ Kg8 32. Rf7 1-0

[Event "XII Weekend A"]
[Site "Nichelino ITA"]
[Date "2011.10.08"]
[Round "5"]
[White "D'Agostino, Maurizio"]
[Black "Finocchiaro, Gianluca"]
[Result "0-1"]
[WhiteElo "2052"]
[BlackElo "2108"]
[PlyCount "110"]
[EventDate "2011.10.06"]

1. d4 Nf6 2. Nc3 d6 3. e4 c6 4. Bg5 Nbd7 5. f4 Qa5 6. Qd2 e5 7. Nf3 Be7 8. Bd3
O-O 9. Ne2 Qxd2+ 10. Nxd2 exd4 11. Nxd4 Nc5 12. O-O Re8 13. Rae1 Bd7 14. a3 h6
15. Bxf6 Bxf6 16. N4f3 Nxd3 17. cxd3 c5 18. e5 dxe5 19. fxe5 Bd8 20. Nb3 Bb5
21. Nxc5 Bb6 22. b4 Bxd3 23. Rf2 Bg6 24. Kh1 Rac8 25. Rd2 Bxc5 26. bxc5 Rxc5
27. Rd7 Rb5 28. h3 Bh5 29. g4 Bg6 30. Kg2 Kf8 31. Nh4 Bc2 32. Re2 Bb3 33. Nf3
Bd5 34. Kg3 Bc6 35. Rd3 Bxf3 36. Kxf3 Rbxe5 37. Rc2 R5e7 38. Rc4 f6 39. h4 Kf7
40. Ra4 a6 41. Rc4 Re1 42. h5 R8e7 43. a4 Rh1 44. Kg2 Rb1 45. Kf3 b5 46. axb5
axb5 47. Rc6 Rb7 48. Rd8 b4 49. Rcc8 b3 50. Rf8+ Ke6 51. Rce8+ Re7 52. Rb8 Ke5
53. Rfd8 b2 54. Kg2 Kf4 55. Rd2 Kxg4 0-1

[Event "XII Weekend A"]
[Site "Nichelino ITA"]
[Date "2011.10.08"]
[Round "5"]
[White "De Renzi, Giuseppe"]
[Black "Calzolari, Marco"]
[Result "1/2-1/2"]
[WhiteElo "1529"]
[BlackElo "1711"]
[PlyCount "40"]
[EventDate "2011.10.06"]

1. Nf3 d5 2. d4 Nf6 3. g3 e6 4. Bg2 b6 5. c4 Bb7 6. O-O Be7 7. Nbd2 O-O 8. b3
Nbd7 9. Bb2 Rc8 10. Rc1 c5 11. cxd5 Bxd5 12. Nc4 cxd4 13. Bxd4 Bc5 14. Nce5
Bxd4 15. Qxd4 Qe7 16. Qb2 Ne4 17. Nxd7 Qxd7 18. Ne5 Qb7 19. Nd3 Nf6 20. Bxd5
Nxd5 1/2-1/2

[Event "XII Weekend A"]
[Site "Nichelino ITA"]
[Date "2011.10.08"]
[Round "5"]
[White "Di Chiara, Mauro"]
[Black "Raccanello, Ivano"]
[Result "1-0"]
[WhiteElo "1966"]
[BlackElo "1799"]
[PlyCount "65"]
[EventDate "2011.10.06"]

1. Nf3 f5 2. d3 Nf6 3. e4 fxe4 4. dxe4 Nxe4 5. Bd3 Nf6 6. Ng5 Nc6 7. Nxh7 Ne5
8. Nxf6+ exf6 9. Qe2 Kf7 10. Bf5 d5 11. Bxc8 Qxc8 12. Nc3 Bb4 13. O-O c6 14.
Bf4 Qf5 15. Bxe5 fxe5 16. Qd3 Qf4 17. h3 Rh5 18. Nxd5 cxd5 19. Qxd5+ Kg6 20.
Qxb7 Rah8 21. g3 Qf8 22. Qe4+ Kf7 23. f4 Bc5+ 24. Kg2 Qa8 25. fxe5+ Ke6 26.
Qxa8 Rxa8 27. Rae1 Rd8 28. Rd1 Rxd1 29. Rxd1 Rxe5 30. Rd2 Re3 31. c4 Bd6 32.
Kf2 Rxg3 33. Rxd6+ 1-0